| 000 | 00377nam a2200157Ia 4500 | ||
|---|---|---|---|
| 005 | 20250423100421.0 | ||
| 008 | 250422s9999 xx 000 0 und d | ||
| 020 | _a1-57610-603-9 | ||
| 100 | _aCollins Paul | ||
| 245 | 0 | _aOracles8 DBA: Database Administration | |
| 260 | _bCariolis | ||
| 260 | _c2000 | ||
| 300 | _a404 p | ||
| 650 | _aDatabase Administration | ||
| 942 | _cBK | ||
| 999 |
_c33241 _d33241 |
||